|
|
|
|
| LEADER |
01624nam a22003017a 4500 |
| 001 |
34905 |
| 003 |
BD-DhAAL |
| 005 |
20230118160338.0 |
| 008 |
190725r20161996bg ||||| |||| 00| f ben d |
| 020 |
|
|
|a 9789848794869
|
| 040 |
|
|
|a BD-DhAAL
|
| 041 |
|
|
|a BEN
|
| 082 |
|
|
|a 891.44371
|2 23
|
| 100 |
|
|
|a ওয়ালীউল্লাহ, সৈয়দ
|9 33152
|
| 245 |
|
|
|a উপন্যাসসমগ্র /
|c সৈয়দ ওয়ালীউল্লাহ
|
| 246 |
|
|
|a Upanys samagra (collected novels)
|
| 260 |
|
|
|a ঢাকা :
|b প্রতীক প্রকাশনা সংস্থা,
|c ১৯৯৬ [অষ্টম মুদ্রণ ২০১৬]
|
| 300 |
|
|
|a ১২৭ পৃষ্ঠা ;
|b চিএ :
|c ২২ সে.মি.
|
| 504 |
|
|
|a গ্রন্থপঞ্জিগত নির্দেশিকা অন্তভূক্ত
|
| 526 |
|
|
|a Residential Campus
|
| 541 |
|
|
|a Development Book Agency
|e 34905, 35017
|
| 600 |
|
|
|a ওয়ালীউল্লাহ, সৈয়দ,
|d ১৯২২- ১৯৭১
|9 33153
|
| 650 |
|
|
|a Bengali fiction
|z Bangladesh
|9 33154
|
| 852 |
|
|
|a Savar Campus Library
|c General Stacks
|
| 942 |
|
|
|2 ddc
|c BK
|
| 999 |
|
|
|c 40975
|d 40975
|
| 952 |
|
|
|0 0
|1 0
|2 ddc
|4 0
|6 891_443710000000000_WAL
|7 0
|9 65751
|a BRACUL
|b BRACUL
|c GEN
|d 2019-07-17
|e Development Book Agency
|g 264.00
|l 11
|m 134
|o 891.44371 WAL
|p 3010035017
|r 2025-08-27
|s 2025-08-26
|t 2
|v 264.00
|w 2019-07-17
|y BK
|
| 952 |
|
|
|0 0
|1 0
|2 ddc
|4 0
|6 891_443710000000000_WAL
|7 0
|9 65868
|a SCL
|b SCL
|c GEN
|d 2019-07-24
|e Development Book Agency
|g 264.00
|l 4
|m 10
|o 891.44371 WAL
|p 3020034905
|r 2024-04-03
|s 2024-03-25
|t 1
|v 264.00
|w 2019-07-24
|y BK
|